The global economy and its economic systems / (Record no. 2285)

000 -LEADER
fixed length control field 02613cam a22003857a 4500
001 - CONTROL NUMBER
control field 17542230
003 - CONTROL NUMBER IDENTIFIER
control field OSt
005 - DATE AND TIME OF LATEST TRANSACTION
control field 20160705153848.0
008 - FIXED-LENGTH DATA ELEMENTS--GENERAL INFORMATION
fixed length control field 121128s2014 ohua b 001 0 eng d
010 ## - LIBRARY OF CONGRESS CONTROL NUMBER
LC control number 2012954799
020 ## - INTERNATIONAL STANDARD BOOK NUMBER
International Standard Book Number 9781285055350
020 ## - INTERNATIONAL STANDARD BOOK NUMBER
International Standard Book Number 1285055357
035 ## - SYSTEM CONTROL NUMBER
System control number (OCoLC)ocn788289971
040 ## - CATALOGING SOURCE
Original cataloging agency BTCTA
Language of cataloging eng
Transcribing agency BTCTA
Modifying agency YDXCP
-- KKS
-- OCLCF
-- SAP
-- DLC
042 ## - AUTHENTICATION CODE
Authentication code lccopycat
050 00 - LIBRARY OF CONGRESS CALL NUMBER
Classification number HB90.G73 2014
082 04 - DEWEY DECIMAL CLASSIFICATION NUMBER
Classification number 330.1
Edition number 23
100 1# - MAIN ENTRY--PERSONAL NAME
Personal name Gregory, Paul R.
245 14 - TITLE STATEMENT
Title The global economy and its economic systems /
Statement of responsibility, etc Paul R. Gregory, University of Houston Hoover Institution, Standord University, Robert C. Stuart, Rutgers University.
260 ## - PUBLICATION, DISTRIBUTION, ETC. (IMPRINT)
Place of publication, distribution, etc Mason, OH :
Name of publisher, distributor, etc South-Western Cengage Learning,
Date of publication, distribution, etc c2014.
300 ## - PHYSICAL DESCRIPTION
Extent xvii, 685 p. :
Other physical details ill. ;
Dimensions 24 cm.
500 ## - GENERAL NOTE
General note Previous edition published unter the title Comparing economic systems in the twenty-first century.
504 ## - BIBLIOGRAPHY, ETC. NOTE
Bibliography, etc Includes bibliographical references and index.
505 0# - FORMATTED CONTENTS NOTE
Formatted contents note Economic history and economic systems -- Definition and classification of economic systems -- Economic systems and economic outcomes -- How economic systems change -- The setting of economic systems -- Theory of capitalism -- Theory of planned socialism -- Theory and practice of market socialism -- Introducing the Anglo-Saxon, European, and Asian models -- The Anglo-Saxon model: England during the industrial revolution -- The Anglo-Saxon model: the U.S. economy -- The European model -- The Asian model -- The Soviet command economy -- China: party dictatorship, markets, and socialism -- An introduction to transition -- Transition economics: output patterns and measurement issues -- Introducing markets: privatization and the decline of government -- The macroeconomy: fiscal and monetary issues -- Transition and the global economy: international trade and finance -- Transition and the safety net -- Prospects for 2050: economic institutions and economic performance.
650 #0 - SUBJECT ADDED ENTRY--TOPICAL TERM
Topical term or geographic name as entry element Comparative economics.
650 #7 - SUBJECT ADDED ENTRY--TOPICAL TERM
Topical term or geographic name as entry element Comparative economics.
Source of heading or term fast
700 1# - ADDED ENTRY--PERSONAL NAME
Personal name Stuart, Robert C.,
Dates associated with a name 1938-
740 0# - ADDED ENTRY--UNCONTROLLED RELATED/ANALYTICAL TITLE
Uncontrolled related/analytical title Comparing economic systems in the twenty-first century.
856 42 - ELECTRONIC LOCATION AND ACCESS
Materials specified Contributor biographical information
Uniform Resource Identifier <a href="http://www.loc.gov/catdir/enhancements/fy1607/2012954799-b.html">http://www.loc.gov/catdir/enhancements/fy1607/2012954799-b.html</a>
856 42 - ELECTRONIC LOCATION AND ACCESS
Materials specified Publisher description
Uniform Resource Identifier <a href="http://www.loc.gov/catdir/enhancements/fy1607/2012954799-d.html">http://www.loc.gov/catdir/enhancements/fy1607/2012954799-d.html</a>
856 41 - ELECTRONIC LOCATION AND ACCESS
Materials specified Table of contents only
Uniform Resource Identifier <a href="http://www.loc.gov/catdir/enhancements/fy1607/2012954799-t.html">http://www.loc.gov/catdir/enhancements/fy1607/2012954799-t.html</a>
906 ## - LOCAL DATA ELEMENT F, LDF (RLIN)
a 7
b cbc
c copycat
d 2
e ncip
f 20
g y-gencatlg
942 ## - ADDED ENTRY ELEMENTS (KOHA)
Source of classification or shelving scheme
Koha item type Book
Holdings
Withdrawn status Lost status Source of classification or shelving scheme Damaged status Not for loan Home library Current library Shelving location Date acquired Total Checkouts Full call number Barcode Date last seen Copy number Price effective from Koha item type
          Riara University Library Riara University Library General stack 05/07/2016   HB90.G73 2014 7265/16 05/07/2016 C.1 05/07/2016 Book

Riara University Library,
P.O. Box 49940-00100,
Nairobi, Kenya.